The essentials of school leadership
Αποθηκεύτηκε σε:
| Άλλοι συγγραφείς: | |
|---|---|
| Μορφή: | Βιβλίο |
| Γλώσσα: | English |
| Δημοσίευση: |
London :
Paul Chapman Pub.;, Corwin Press,
[c2005]
|
| Θέματα: | |
| Ετικέτες: |
Προσθήκη ετικέτας
Δεν υπάρχουν, Καταχωρήστε ετικέτα πρώτοι!
|
MARC
| LEADER | 00000nam a2200000 i 4500 | ||
|---|---|---|---|
| 001 | 1/41031 | ||
| 008 | 070213s2005 eng d | ||
| 020 | |a 1-4129-0289-4 | ||
| 035 | |l 10086978 | ||
| 040 | |a GR-MY-UA |b gre |e aacr | ||
| 041 | 0 | |a eng | |
| 082 | 0 | |a 371.2011 |2 (22) | |
| 245 | 1 | 4 | |a The essentials of school leadership / |c edited by Brent Davies |
| 260 | |a London : |b Paul Chapman Pub.;, |b Corwin Press, |c [c2005] | ||
| 300 | |a xiv, 194 σ.; |c 25 εκ. | ||
| 504 | |a Περιλαμβάνει βιβλιογρφίες και ευρετήριο | ||
| 650 | 0 | 0 | |a Educational leadership. |
| 650 | 0 | 0 | |a School management and organization. |
| 700 | 1 | |a Davies, Brent |d 1949- |4 edt | |
| 852 | |a INST |b RHODES |e 20070213 |h 371.2011 ESS |p 005400026956 |q 005400026956 |t BK |y 0 | ||
| 901 | |a BIBL4-2007-1 | ||
| 909 | |a Ρ |b 132134 | ||
| 920 | |a ΑΝΑΜΟΡΦΩΣΗ |b ΕΠΕΑΕΚ ΙΙ-ΤΕΠΑΕΣ |y ΡΟΔΟΣ |z 2006-12 | ||
| 970 | |a ΜΙΣΣΟΣ |b ΣΤΑΥΡΟΣ |z 2007/02/13 | ||